| 000 | 00678nam a22002177a 4500 | ||
|---|---|---|---|
| 999 |
_c17011 _d17011 |
||
| 003 | AR-CdUCM | ||
| 008 | 190507b ||||| |||| 00| 0 spa d | ||
| 040 |
_aMUNICIPALIDAD PROVINCIAL DEL CUSCO _cBIBLIOTECA MUNICIPAL DEL CUSCO |
||
| 082 |
_a843.9 / _bM86 |
||
| 100 |
_aMorand, Paul _936819 |
||
| 245 |
_aLa Europa Galante : _bCronica del siglo XX / |
||
| 260 |
_aMadrid : _bSiglo XX, |
||
| 300 |
_a239 paginas ; _c20 cm. |
||
| 500 | _aHistoria de la Europa | ||
| 650 |
_aHistoria _9136 |
||
| 650 |
_aLiteratura _983 |
||
| 700 |
_aGuilmain, Andrés ( traduccion ) _936820 |
||
| 710 |
_aInsúa, Alberto ( prologo ) _936821 |
||
| 942 |
_2ddc _cLIBROS |
||
| 945 |
_apjha _d2019-05-07 |
||